000 00307nam a2200133Ia 4500
008 190216s9999||||xx |||||||||||||| ||und||
100 _aManjeet Singh
245 0 _aRefresher Course In Mathematics
250 _anew
260 _bDhanpat Rai
_c1995
300 _a46p
650 _aMathematics
942 _cBK
999 _c31171
_d31171